[Event "Taastrup op"]
[Site "Taastrup"]
[Date "2001.01.27"]
[Round "4"]
[White "Hansen, Alexei Cherstiouk"]
[Black "Nikolaisen, Oluf"]
[Result "1-0"]
[WhiteElo "1095"]
[BlackElo "1311"]
[PlyCount "81"]
[EventDate "2001.01.19"]
[EventType "swiss"]
[EventRounds "9"]
[EventCountry "DEN"]
[SourceTitle "EXT 2018"]
[Source "ChessBase"]
[SourceDate "2017.10.13"]
[SourceVersion "1"]
[SourceVersionDate "2017.10.13"]
[SourceQuality "1"]

1. e4 Nc6 2. Nf3 e5 3. Bb5 d6 4. Nc3 a6 5. Ba4 Bg4 6. d3 h6 7. 0-0 Nf6 8. Qe2 b5 9. Bb3 Nd4 10. Qe3 Bxf3 11. gxf3 Nh5 12. Kh1 c6 13. Ne2 Nxe2 14. Qxe2 Qf6 15. Be3 Nf4 16. Bxf4 Qxf4 17. Qe3 Qf6 18. Rg1 g6 19. Rg3 h5 20. Qb6 h4 21. Qxc6+ Ke7 22. Qb7+ Kd8 23. Qxa8+ Kc7 24. Qa7+ Kd8 25. Qb6+ Ke7 26. Qc7+ Ke8 27. Rh3 Be7 28. Qc8+ Bd8 29. Qxa6 Qe7 30. Qxb5+ Kf8 31. Qd5 Qd7 32. Rg1 Rh6 33. Rg4 g5 34. a4 Re6 35. a5 Qa7 36. Qc6 Rf6 37. Kg2 d5 38. Qxd5 Bxa5 39. Qxe5 Be1 40. d4 Bd2 41. Qxf6 1-0